LEADER 01285nam a2200265 4500 001 000000354229 003 CaOOAMICUS 005 20230613120235.0 008 230613s2021 it 000 u ita r 020 $a978-88-311-7057-4 040 $aSeMil$bita 100 1 $aMontoya, Ana Cristina.$0(OLS)http://semarc/name/117719 245 10$aIn-comunicazione :$buna prospettiva generativa /$cAna Cristina Montoya. 264 1$aFigline ed Incisa Valdarno :$bIstituto Universitario Sophia ;$aRoma :$bCittà Nuova,$c2021. 300 $aIX, 210 p. ;$c21 cm 490 1 $aTracce / Istituto universitario Sophia ;$v8 650 4$aComunicazione interculturale.$0(OLS)http://semarc/subject/53864 830 0$aTracce / Istituto universitario Sophia ;$v8.$0(OLS)http://semarc/title/433049 850 $aSeMil 852 $aSeMil$W1$xVenegono$y1$m2NA D 8$j241416$B245473$CSeMilBibl$Z2$F245473 $81 996 $6020$a978-88-311-7057-4$9(OLS)http://semarc/number/298350 996 $6245$aIn-comunicazione :$buna prospettiva generativa$9(OLS)http://semarc/title/444365 996 $6264$aFigline ed Incisa Valdarno :$bIstituto Universitario Sophia$9(OLS)http://semarc/publisher/59501 996 $6264$aRoma :$bCittà Nuova$9(OLS)http://semarc/publisher/29609 LEADER 01209nam a2200277 i 4500 001 000000079693 003 CaOOAMICUS 005 20170406000000.0 008 170406s1976 it u000 u ita u 013 $a51930 040 $aSeMil$bita 100 1 $aMuggeridge, Malcolm.$0(OLS)http://semarc/name/17068 240 10$aSomething beautiful for God. Mother Teresa of Calcutta.$0(OLS)http://semarc/title/403567 245 10$aQualcosa di bello per Dio. Madre Teresa di Calcutta /$cMalcolm Muggeridge. 250 $a4. edizione. 260 $a[S.l.] :$bPaoline,$c1976 (copyr. 1974) 300 $a155 p. ;$c21 cm. 490 0 $aTestimoni del nostro tempo ;$v1 500 $aContiene : Tavola cronologica ; Appendice. 600 04$aTeresa : di Calcutta .$0(OLS)http://semarc/subject/6939 830 0$aTestimoni del nostro tempo ;$v1.$0(OLS)http://semarc/title/6456 850 $aSeMil 852 $aSeMil$W1$xVenegono$y1$m3H VI 306$j45341$B45341$CSeMilBibl$Z2$F47289 $81 961 $aRecupero: Seminario di Seveso 996 $6245$aQualcosa di bello per Dio. Madre Teresa di Calcutta$9(OLS)http://semarc/title/403566 996 $6260$a[S.l.] :$bPaoline$9(OLS)http://semarc/publisher/31245